000 00501nam a22001817a 4500
003 UA-OsUOA
001 11247
007 ta
008 20050120b un ||||| |||| 00| 0 ukr d
100 _aПетрова Л.
942 _cSA
040 _aUA-OsUOA
_cUA-OsUOA
_dUA-OsUOA
245 _aТехнології впровадження змін у бібліотечну практику
300 _aС.6-10
955 _a0
773 0 _w0
650 7 _aІнформаційні технології
_2UDC
999 _c297408
_d297408